[Event "GER-chT U10"]
[Site "Magdeburg"]
[Date "2014.12.29"]
[Round "6.3"]
[White "Henneberg, Gregor"]
[Black "Kessen, Laila"]
[Result "0-1"]
[WhiteElo "600"]
[BlackElo "600"]
[PlyCount "72"]
[EventDate "2014.12.27"]
[EventType "team-swiss"]
[EventRounds "7"]
[EventCountry "GER"]
[SourceTitle "EXT 2016"]
[Source "ChessBase"]
[SourceDate "2015.10.08"]
[SourceVersion "1"]
[SourceVersionDate "2015.10.08"]
[SourceQuality "1"]
[WhiteTeam "Magdeburg Schachzwerge III"]
[BlackTeam "Berlin Schachunion II"]
[WhiteTeamCountry "GER"]
[BlackTeamCountry "GER"]

1. e4 e5 2. Nf3 Nc6 3. Nc3 Nf6 4. d4 exd4 5. Nxd4 Bc5 6. Bg5 0-0 7. Bc4 Bxd4 8. 0-0 d6 9. Nd5 Bg4 10. Qe1 Re8 11. c3 Be5 12. b4 a6 13. b5 axb5 14. Bxb5 Re6 15. Rc1 Ra5 16. Rb1 Na7 17. c4 c6 18. Nc3 cxb5 19. Nd5 h6 20. Bh4 Qf8 21. Bxf6 Bxf6 22. Qxa5 Nc6 23. Qb6 Qa8 24. Nc7 Qa3 25. Rb3 Qc5 26. Qxb7 Qg5 27. Qb8+ Nxb8 28. Nd5 Bh5 29. Rg3 Bg4 30. Ne3 Be5 31. Rxg4 Qh5 32. Nf5 Qxg4 33. Ne7+ Rxe7 34. h4 Re6 35. a4 Rg6 36. f3 Qxg2# 0-1

[Event "GER-chT U10"]
[Site "Magdeburg"]
[Date "2014.12.28"]
[Round "4.3"]
[White "Augustin, Elias"]
[Black "Kessen, Laila"]
[Result "1-0"]
[WhiteElo "879"]
[BlackElo "600"]
[PlyCount "53"]
[EventDate "2014.12.27"]
[EventType "team-swiss"]
[EventRounds "7"]
[EventCountry "GER"]
[SourceTitle "EXT 2016"]
[Source "ChessBase"]
[SourceDate "2015.10.08"]
[SourceVersion "1"]
[SourceVersionDate "2015.10.08"]
[SourceQuality "1"]
[WhiteTeam "Oberland"]
[BlackTeam "Berlin Schachunion II"]
[WhiteTeamCountry "GER"]
[BlackTeamCountry "GER"]

1. e4 e5 2. Nf3 Nc6 3. Bc4 Nf6 4. Ng5 d6 5. Nxf7 Qd7 6. Nxh8 d5 7. exd5 Nd4 8. c3 Nf5 9. 0-0 g6 10. Na3 Qg7 11. Bb5+ c6 12. dxc6 bxc6 13. Bxc6+ Bd7 14. Bxa8 Qh6 15. d3 e4 16. dxe4 Nxe4 17. Bxe4 Bg7 18. Re1 g5 19. Bc6+ Ne7 20. Qxd7+ Kf8 21. Qxe7+ Kg8 22. Nf7 Qh5 23. Be4 Bf8 24. Qxg5+ Bg7 25. Bf5 Kxf7 26. Re7+ Kf8 27. Qxg7# 1-0

[Event "GER-chT U10"]
[Site "Magdeburg"]
[Date "2014.12.27"]
[Round "2.3"]
[White "Budde, Malte"]
[Black "Kessen, Laila"]
[Result "1-0"]
[WhiteElo "785"]
[BlackElo "600"]
[PlyCount "82"]
[EventDate "2014.12.27"]
[EventType "team-swiss"]
[EventRounds "7"]
[EventCountry "GER"]
[SourceTitle "EXT 2016"]
[Source "ChessBase"]
[SourceDate "2015.10.08"]
[SourceVersion "1"]
[SourceVersionDate "2015.10.08"]
[SourceQuality "1"]
[WhiteTeam "Buende"]
[BlackTeam "Berlin Schachunion II"]
[WhiteTeamCountry "GER"]
[BlackTeamCountry "GER"]

1. e4 e5 2. Nf3 Nc6 3. Bc4 Nh6 4. d3 Bc5 5. Bg5 Be7 6. 0-0 0-0 7. Nc3 Bxg5 8. Nxg5 Qxg5 9. Nd5 Re8 10. Nxc7 Re7 11. Nxa8 d5 12. Bxd5 b6 13. Bxc6 Re6 14. Bd5 Rg6 15. g3 Bg4 16. f3 Bh3 17. f4 exf4 18. Rf2 fxg3 19. Rxf7 Nxf7 20. Qf1 h5 21. Qxf7+ Kh7 22. Nc7 Qf6 23. Qxf6 Rxf6 24. e5 Rf5 25. Re1 a5 26. e6 Rf2 27. e7 Rxh2 28. e8Q Rxc2 29. Re2 Rxe2 30. Qxe2 g2 31. Bc6 b5 32. Qxh5+ Kg8 33. Qxh3 Kf8 34. d4 Ke7 35. Qd3 Kd6 36. Nxb5+ Kxc6 37. d5+ Kb6 38. d6 Kb7 39. d7 a4 40. Na3 Ka7 41. Qd6 Kb7 1-0